Afrykańskie zwierzęta - nagła śmierć - Statystyki

Ogólne statystyki
  • Ten quiz został rozwiązany 90 razy
    88 od ostatniego zresetowania
  • Średni wynik to 8 z 21
Answers on the Grid
Answers color-coded by a green-red scale on the quiz's grid according to % correct below.
Lew
Gepard
Hipopotam
Słoń afrykański
Zebra
Nosorożec
Tygrys
Panda wielka
Jaguar
Orangutan
Wilk
Niedźwiedź polarny
Kangur
Koala
Leniwiec
Mrównik
Surykatka
Bonobo
Fenek
Topi
Hyrax
Warthog
Bongo
Okapi
Żyrafa
Serwal
Emu
Kojot
Pirania
Szympans
Struś
Puma
Lama
Pingwin afrykański
Krokodyl różańcowy
Hiena cętkowana
 
Statystyki odpowiedzi
Odpowiedź % Poprawnych
Żyrafa
68%
Hipopotam
62%
Lew
62%
Słoń afrykański
59%
Zebra
56%
Gepard
47%
Hiena cętkowana
47%
Szympans
47%
Struś
44%
Nosorożec
41%
Pingwin afrykański
41%
Surykatka
38%
Fenek
35%
Okapi
35%
Bongo
18%
Bonobo
18%
Serwal
18%
Mrównik
15%
Warthog
15%
Hyrax
12%
Topi
12%
Nie znaleziono quizów pasujących do podanych kryteriów
Rozkład punktacji
Procent ludzi z każdym wynikiem
Percentyl według liczby udzielonych odpowiedzi
Twoja historia wyników
Nie rozwiązałeś tego quizu od ostatniego zresetowania